Poesias póstumas Casa de D. Joseph Iglesias de la Casa, Presbitero (Record no. 155881)

MARC details
000 -LEADER
campo de control de longitud fija 01138nam a2200241 i 4500
001 - NÚMERO DE CONTROL
campo de control 155881
003 - IDENTIFICADOR DE NÚMERO DE CONTROL
campo de control ES-MaACL
005 - FECHA Y HORA DE LA ÚLTIMA TRANSACCIÓN
campo de control 20250731063044.0
008 - DATOS DE LONGITUD FIJA--INFORMACIÓN GENERAL
campo de control de longitud fija 931025s1793 sp |||| | spa d
040 ## - FUENTE DE CATALOGACIÓN
Centro catalogador/agencia de origen CAM
Lengua de catalogación spa
Centro/agencia transcriptor PAB
100 1# - ENTRADA PRINCIPAL--NOMBRE DE PERSONA
Nombre de persona Iglesias de la Casa, José,
Fechas asociadas al nombre 1748-1791
9 (RLIN) 128155
245 10 - MENCIÓN DEL TÍTULO
Título Poesias póstumas Casa de D. Joseph Iglesias de la Casa, Presbitero
Resto del título : tomo primero que contiene las poesías serias [-tomo segundo que contiene las poesías jocosas].
260 ## - PUBLICACIÓN, DISTRIBUCIÓN, ETC.
Lugar de publicación, distribución, etc. En Salamanca :
Nombre del editor, distribuidor, etc. por D. Francisco de Toxar,
Fecha de publicación, distribución, etc. 1793.
300 ## - DESCRIPCIÓN FÍSICA
Extensión 2 v. (XX, 204 p., 5 h. de lám. ; XII, [2], 210 p., 6-9 h. de lám.) ;
Dimensiones 8º.
530 ## - NOTA DISPONIBLE DE FORMULARIO FÍSICO ADICIONAL
Nota de formato físico adicional disponible Disponible en formato digital.
596 ## - NOTA AL PIE DE IMPRENTA
NOTA AL PIE DE IMPRENTA Marca tip. en port.
597 ## - NOTA DE DESCRIPCIÓN FÍSICA
NOTA DE DESCRIPCIÓN FÍSICA Sign.: [A]-P8 ; [A]-O8.
597 ## - NOTA DE DESCRIPCIÓN FÍSICA
NOTA DE DESCRIPCIÓN FÍSICA Antep.
599 ## - NOTA A LAS ILUSTRACIONES
NOTA A LAS ILUSTRACIONES Las h. de lám. son grabados calcográficos con el retrato del autor y con escenas que representan el texto ; "Enguidanos lo g."
852 ## - LOCALIZACIÓN
Ubicación ES-MaACL
Número de control de estantería R-2223-24
Nota libre -- Enc. pasta española. Olim: F- 14535-36.
856 ## - LOCALIZACIÓN Y ACCESO ELECTRÓNICOS
Identificador Uniforme de Recursos <a href="http://bdh-rd.bne.es/viewer.vm?id=0000055937&page=1 ">http://bdh-rd.bne.es/viewer.vm?id=0000055937&page=1 </a>
Nota pública Biblioteca Digital Hispánica
Holdings
Estatus retirado Estado de pérdida Estado de daño No para préstamo Colección Biblioteca de origen Biblioteca actual Ubicación en estantería Fecha de adquisición Total de préstamos Signatura topográfica completa Código de barras Visto por última vez Precio de reemplazo Tipo de ítem Koha
        Colección digital Biblioteca del Ateneo de Madrid Biblioteca del Ateneo de Madrid Depósito 17/01/2008   R-2223-24 1163068 23/02/2023 23/02/2023 Libro impreso antiguo